| 000 | 00705nam a2200253Ia 4500 | ||
|---|---|---|---|
| 003 | OSt | ||
| 005 | 20220924115520.0 | ||
| 006 | a|||||r|||| 00| 0 | ||
| 007 | ta | ||
| 008 | 220923b |||||||| |||| 00| 0 san d | ||
| 024 | _a58594 | ||
| 037 | _cTextual | ||
| 040 |
_aARTS _cARTS _bsan |
||
| 041 |
_2san _asan |
||
| 082 | _aQ1:24x, 15N1 | ||
| 100 |
_aSankara _951296 |
||
| 245 | 0 | _aIsadinavopanisadah rev by Hari Raghunath Bhagavat | |
| 260 |
_aDelhi _bChaukhamba Sanskrit Pratishthan _c1991 |
||
| 300 |
_a541p. _ccm. |
||
| 490 | _aVrajajivan prachyabharati granthamala; 68 | ||
| 650 | _aRELIGION | ||
| 942 |
_hQ1:24x, 15N1 _cTEXL _2CC |
||
| 999 |
_c398685 _d398685 |
||